000
00254nam a2200109 4500
082
_a
650.1422SKE
100
_a
Skeats, Judy
245
_a
How to Scceed in Interviews
260
_a
New Delhi:
_b
Competition Review,
_c
1997.
300
_a
125p. ;
942
_c
BK
999
_c
11328
_d
11328